000 01408nam a2200229 4500
001 vtls002725660
003 MY-SjTCS
005 20241125144707.0
008 110218 00 eng
020 _a0024225517 (pbk.)
039 9 _a201102181212
_bVLOAD
_y200407271952
_zVLOAD
082 0 4 _a378.170281
_bVAN
100 1 _aVanderStoep, Scott W.
_9211531
245 1 0 _aLearning to learn :
_bthe skill and will of college success /
_cScott W. VanderStoep, Paul R. Pintrich
260 _aUpper Saddle River, N.J. :
_bPrentice Hall,
_cc2003
300 _axv, 286 p. :
_bill. ;
_c28 cm.
505 0 _aPreface. - Ch. 1. Becoming a self-regulating learner. - Ch. 2. Goal setting : preparing to use your skill components. - Ch. 3. Motivation : preparing to use your will components. - Ch. 4. Getting organized : managing your resources. - Ch. 5. Improving your attention and memory. - Ch. 6. Improving your cognition and metacognition. - Ch. 7. Taking notes. Ch. 8. Taking tests. - Ch. 9. Improving your reading. - Ch. 10. Improving your writing. - Ch. 11. Critical thinking. - Ch. 12. Problem solving. - Ch. 13. Conclusion : assessing your progress, planning your future. - References. - Glossary. - Index.
650 0 _aLearning, Psychology of
_9204903
650 0 _aStudy skills.
_9201220
700 1 _aPintrich, Paul R.
_e(j.a.)
_9211532
920 _aGEN : 103756
999 _c28409